000 00567nam1a22002171i 4500
001 rc\353709
005 20240723220600.0
035 _a(NLR Aleph) 005632731
090 _a6589904
_c6589904
100 _a20030307d1989 u |0rusy50 ca
101 0 _arus
102 _aRU
105 _ay |||||||||
200 1 _aНадежда
_e[Сб. стихов]
_e5 кн. в обертке
210 _aТомск
_cКн. изд-во
_d1989
215 _d17
225 1 _aДебют
801 0 _aRU
_bNLR
_gpsbo
801 1 _aRU
_bELAR
_2rusmarc
852 _aNLR
_j89-2/3788
942 _cBOOK